00626nam a2200157 i 450000100060000000300090000600500170001500700030003200800410003510000190007624500560009526000330015130000400018450001380022485201060036248251ES-MaACL20230906161723.0t|030724s1880 fr ||||1| fre d1 aChoffat, Paul.12aL'homme tertiaire en Portugal / cpar Paul Choffat. aGenève : b[s.n.], c1880. ap. [537]-548, 1 h. pleg. ; c23 cm. aPrecede al texto: Extrait des Archives des Sciences Physiques et naturelles, Décembre 1880, troisième périodo, tome IV, p. 537. aES-MaACLjB-7964(6) q. - Encuadernado con otras obras z.- Legado de Federico de Botella y de Hornos